[Event "European Senior Teams Chess Championship"]
[Site "Rogaska Slatina"]
[Date "2012.03.31"]
[Round "5.19"]
[White "Sandklef, Ake"]
[Black "Arp, Frans"]
[Result "1-0"]
[WhiteElo "1993"]
[BlackElo "2070"]
[PlyCount "95"]
[EventDate "2012.03.27"]
[WhiteTeam "SWE 4"]
[BlackTeam "NED - ORANJE"]

1. d4 Nf6 2. c4 g6 3. Nc3 Bg7 4. e4 d6 5. f3 O-O 6. Be3 c5 7. Nge2 b6 8. Qd2
Nc6 9. Rd1 cxd4 10. Nxd4 Bb7 11. Be2 a6 12. O-O Qc7 13. Rc1 Nxd4 14. Bxd4 e5
15. Be3 Nh5 16. Rfd1 Rad8 17. Na4 Qc6 18. Nxb6 Nf4 19. Nd5 Nxe2+ 20. Qxe2 Qe8
21. c5 Bxd5 22. Rxd5 dxc5 23. Rxd8 Qxd8 24. Qxa6 Qb8 25. b3 Rd8 26. Qc4 Bf8 27.
g3 h5 28. h4 Qc8 29. Kf2 Qd7 30. a4 Rb8 31. Qc3 f6 32. Qc2 Qf7 33. Bxc5 Qxb3
34. Qxb3+ Rxb3 35. Bxf8 Kxf8 36. Ra1 Ke7 37. a5 Rb7 38. a6 Ra7 39. Ke2 Kd6 40.
Kd3 Kc5 41. Kc3 Kb5 42. Ra3 Rc7+ 43. Kb3 Ra7 44. Ra2 Kc5 45. Ra5+ Kd4 46. Kb4
Ke3 47. Ra3+ Kf2 48. f4 1-0

[Event "European Senior Teams Chess Championship"]
[Site "Rogaska Slatina"]
[Date "2012.03.31"]
[Round "5.19"]
[White "Montsma, Foppe-Jan"]
[Black "Nilsson, Weine"]
[Result "1-0"]
[WhiteElo "1949"]
[BlackElo "1965"]
[PlyCount "65"]
[EventDate "2012.03.27"]
[WhiteTeam "NED - ORANJE"]
[BlackTeam "SWE 4"]

1. d4 Nf6 2. Nf3 e6 3. Bf4 b6 4. e3 Bb7 5. Bd3 c5 6. c3 Be7 7. Nbd2 O-O 8. h3
Nc6 9. O-O d5 10. Ne5 Rc8 11. Qe2 c4 12. Bc2 b5 13. e4 Re8 14. Nxc6 Bxc6 15. e5
Nd7 16. Qg4 b4 17. Rae1 bxc3 18. bxc3 Qa5 19. Re3 Qxa2 20. Bb1 Qa5 21. Bh6 g6
22. h4 Bf8 23. Qf4 Qc7 24. h5 Bxh6 25. Qxh6 Nf8 26. Nf3 Rb8 27. Nh2 Qe7 28. Rg3
Rb7 29. Ng4 Nd7 30. hxg6 fxg6 31. Bxg6 Rf8 32. Bxh7+ Kh8 33. Bg8+ 1-0

[Event "European Senior Teams Chess Championship"]
[Site "Rogaska Slatina"]
[Date "2012.03.31"]
[Round "5.20"]
[White "Alkkiomaki, Jyrki"]
[Black "Andersson, Kaj"]
[Result "1-0"]
[WhiteElo "2033"]
[BlackElo "2058"]
[PlyCount "67"]
[EventDate "2012.03.27"]
[WhiteTeam "FIN - TURKU"]
[BlackTeam "SWE 3"]

1. e4 c5 2. Nf3 d6 3. d4 cxd4 4. Nxd4 Nf6 5. Nc3 a6 6. Bg5 e6 7. f4 Be7 8. Qf3
h6 9. Bxf6 Bxf6 10. O-O-O O-O 11. e5 dxe5 12. Nxe6 Bxe6 13. Rxd8 Rxd8 14. f5
Bg5+ 15. Kb1 Bd7 16. Bc4 Nc6 17. Qh5 Be8 18. Ne4 Rd4 19. Bd3 Nb4 20. f6 Nxd3
21. cxd3 Bf4 22. g3 Be3 23. Qg4 g6 24. Qe2 Bb5 25. Qxe3 Bxd3+ 26. Ka1 Kh7 27.
Nc3 Rad8 28. Qxe5 b5 29. a3 Bc4 30. Qc7 R8d7 31. Qc5 R4d6 32. b3 Bxb3 33. Ne4
Rd4 34. Qf8 1-0

[Event "European Senior Teams Chess Championship"]
[Site "Rogaska Slatina"]
[Date "2012.03.31"]
[Round "5.20"]
[White "Andersson, Sven-Olof"]
[Black "Rantanen, Veikko"]
[Result "1/2-1/2"]
[WhiteElo "2037"]
[BlackElo "1934"]
[PlyCount "22"]
[EventDate "2012.03.27"]
[WhiteTeam "SWE 3"]
[BlackTeam "FIN - TURKU"]

1. d4 Nf6 2. Nf3 g6 3. g3 Bg7 4. Bg2 d5 5. O-O O-O 6. Nbd2 c6 7. b3 Nbd7 8. Bb2
Re8 9. c4 a5 10. Qc2 Nf8 11. Ne5 Bf5 1/2-1/2

[Event "European Senior Teams Chess Championship"]
[Site "Rogaska Slatina"]
[Date "2012.03.31"]
[Round "5.20"]
[White "Ranki, Martti"]
[Black "Johansson, Per"]
[Result "1/2-1/2"]
[WhiteElo "1915"]
[BlackElo "2031"]
[PlyCount "61"]
[EventDate "2012.03.27"]
[WhiteTeam "FIN - TURKU"]
[BlackTeam "SWE 3"]

1. e4 c6 2. d4 d5 3. Nc3 dxe4 4. Nxe4 Nf6 5. Nxf6+ gxf6 6. Bc4 Bf5 7. Nf3 e6 8.
Nh4 Be4 9. Be3 f5 10. Qh5 Bd5 11. Bd3 Be7 12. Nf3 Nd7 13. c4 Nf6 14. Qh3 Bb4+
15. Ke2 Be4 16. Rhd1 Qc7 17. a3 Bd6 18. g3 c5 19. Bg5 Bxd3+ 20. Rxd3 Ne4 21.
Be3 O-O-O 22. Rc1 f4 23. gxf4 Bxf4 24. d5 Kb8 25. Qh4 Bxe3 26. fxe3 exd5 27.
Rxd5 Rxd5 28. cxd5 Nd6 29. Qf4 Re8 30. Rd1 Qb6 31. Rd2 1/2-1/2

[Event "European Senior Teams Chess Championship"]
[Site "Rogaska Slatina"]
[Date "2012.03.31"]
[Round "5.21"]
[White "Mckerracher, Douglas"]
[Black "Baumbach, Friedrich Dr"]
[Result "1/2-1/2"]
[WhiteElo "2015"]
[BlackElo "2258"]
[PlyCount "58"]
[EventDate "2012.03.27"]
[WhiteTeam "SCO 2"]
[BlackTeam "GER - STIFTUNG BSW/DBAG"]

1. e4 c5 2. Nc3 Nc6 3. g3 g6 4. Bg2 Bg7 5. d3 e6 6. f4 Nge7 7. Nf3 O-O 8. O-O
d6 9. Be3 Nd4 10. e5 Nef5 11. Bf2 d5 12. Ne2 Nxf3+ 13. Bxf3 b6 14. d4 Qc7 15.
c4 Bb7 16. dxc5 dxc4 17. Bxb7 Qxb7 18. Qc2 bxc5 19. Bxc5 Rfc8 20. Bf2 Bf8 21.
Nd4 Nxd4 22. Bxd4 Qd5 23. Rfd1 Bc5 24. Bf2 Qc6 25. Rac1 h5 26. Qe2 Rab8 27. Rc2
Rb5 28. Bxc5 Qxc5+ 29. Qf2 Kf8 1/2-1/2

[Event "European Senior Teams Chess Championship"]
[Site "Rogaska Slatina"]
[Date "2012.03.31"]
[Round "5.21"]
[White "Fleuch, Hans-Juergen"]
[Black "Smith, Stephen H"]
[Result "1-0"]
[WhiteElo "2078"]
[BlackElo "1855"]
[PlyCount "73"]
[EventDate "2012.03.27"]
[WhiteTeam "GER - STIFTUNG BSW/DBAG"]
[BlackTeam "SCO 2"]

1. e4 e6 2. d4 d5 3. Nc3 Bb4 4. Qd3 Ne7 5. Bd2 b6 6. Qg3 O-O 7. Bf4 Bd6 8. Bxd6
cxd6 9. exd5 exd5 10. O-O-O a6 11. Bd3 Nbc6 12. Qh4 g6 13. Nf3 f6 14. g4 b5 15.
Qg3 Qd7 16. h3 b4 17. Ne2 Rf7 18. Rde1 Nd8 19. Nd2 f5 20. f3 Ne6 21. f4 Nc7 22.
g5 a5 23. h4 Ba6 24. h5 Bxd3 25. Qxd3 Qb5 26. hxg6 Nxg6 27. Qf3 Re8 28. Ng3
Rxe1+ 29. Rxe1 Qd7 30. Nh5 Kf8 31. Nf6 Qb5 32. Qh5 Rg7 33. Nxh7+ Kg8 34. Nf6+
Kf8 35. Qh3 Ne7 36. Qh8+ Ng8 37. Nxg8 1-0

[Event "European Senior Teams Chess Championship"]
[Site "Rogaska Slatina"]
[Date "2012.03.31"]
[Round "5.21"]
[White "Murphy, George A A"]
[Black "Fernengel, Rudolf"]
[Result "1-0"]
[WhiteElo "1811"]
[BlackElo "1833"]
[PlyCount "65"]
[EventDate "2012.03.27"]
[WhiteTeam "SCO 2"]
[BlackTeam "GER - STIFTUNG BSW/DBAG"]

1. Nf3 d5 2. d4 Nf6 3. e3 e6 4. Bd3 Nbd7 5. O-O c6 6. b3 Bd6 7. Bb2 Qc7 8. Nbd2
e5 9. dxe5 Nxe5 10. Nxe5 Bxe5 11. Bxe5 Qxe5 12. Nf3 Qh5 13. h3 O-O 14. Nd4 Qe5
15. Rc1 Re8 16. c4 g6 17. cxd5 Nxd5 18. Bc4 Bd7 19. a4 Rad8 20. Qf3 Bc8 21.
Rfd1 Qe4 22. Qe2 Qh4 23. Nf3 Qh5 24. Rd4 Nb6 25. Rh4 Qa5 26. b4 Qxa4 27. Bxf7+
Kxf7 28. Rxh7+ Kg8 29. Ng5 Qxb4 30. Qa2+ Nd5 31. Qa1 Nc3 32. Rxc3 Re7 33. Rh8+
1-0

[Event "European Senior Teams Chess Championship"]
[Site "Rogaska Slatina"]
[Date "2012.03.31"]
[Round "5.22"]
[White "Birkestrand, Odd"]
[Black "Hellwege, Werner"]
[Result "1-0"]
[WhiteElo "1837"]
[BlackElo "2029"]
[PlyCount "57"]
[EventDate "2012.03.27"]
[WhiteTeam "NOR 4"]
[BlackTeam "GER - FREIBAUER"]

1. e4 c5 2. c3 d5 3. exd5 Qxd5 4. d4 Nc6 5. dxc5 Qxc5 6. Be3 Qa5 7. b4 Qc7 8.
Nf3 Bg4 9. Be2 Nf6 10. O-O Rd8 11. Qa4 a6 12. Na3 Bd7 13. Qc2 b5 14. Bc5 g6 15.
Rad1 Bf5 16. Rxd8+ Qxd8 17. Qc1 Bg7 18. Rd1 Qc7 19. c4 bxc4 20. Bxc4 Qb7 21.
Re1 Ne4 22. Bd5 Nxc5 23. Qxc5 Bd7 24. Rxe7+ Kd8 25. Rxf7 Ba1 26. Nc2 Bb2 27.
Nfd4 Bxd4 28. Nxd4 Qxb4 29. Nxc6+ 1-0

[Event "European Senior Teams Chess Championship"]
[Site "Rogaska Slatina"]
[Date "2012.03.31"]
[Round "5.22"]
[White "Juergens, Peter"]
[Black "Bue, Gunnar"]
[Result "1-0"]
[WhiteElo "1993"]
[BlackElo "1719"]
[PlyCount "91"]
[EventDate "2012.03.27"]
[WhiteTeam "GER - FREIBAUER"]
[BlackTeam "NOR 4"]

1. d4 Nf6 2. Nf3 g6 3. Bf4 Bg7 4. e3 O-O 5. Be2 d6 6. O-O Nh5 7. Bg5 Nf6 8. h3
Ne4 9. Bf4 Nd7 10. Nbd2 Ndf6 11. c3 c5 12. Nxe4 Nxe4 13. Bd3 Nf6 14. e4 cxd4
15. cxd4 Nh5 16. Be3 e5 17. Qd2 Nf4 18. Bc4 Ne6 19. Rfd1 exd4 20. Nxd4 Nc5 21.
Bd5 Be6 22. Nxe6 Nxe6 23. Bxe6 fxe6 24. Qxd6 Qxd6 25. Rxd6 Rfe8 26. Rd7 b6 27.
Rc1 Red8 28. Rxd8+ Rxd8 29. b3 Be5 30. Kf1 Rd7 31. Ke2 Bc7 32. Rd1 Rf7 33. Bh6
Re7 34. Ke3 e5 35. f4 exf4+ 36. Bxf4 Bxf4+ 37. Kxf4 Kg7 38. g4 h6 39. e5 Rf7+
40. Ke4 Re7 41. Rc1 Kf7 42. Rc6 Kg7 43. Kd5 Kf7 44. Rf6+ Kg7 45. Kd6 Re8 46.
Rf4 1-0

[Event "European Senior Teams Chess Championship"]
[Site "Rogaska Slatina"]
[Date "2012.03.31"]
[Round "5.22"]
[White "Johansen, Bjorn"]
[Black "Fritsch, Juergen Dr"]
[Result "0-1"]
[WhiteElo "1716"]
[BlackElo "1979"]
[PlyCount "120"]
[EventDate "2012.03.27"]
[WhiteTeam "NOR 4"]
[BlackTeam "GER - FREIBAUER"]

1. d4 d5 2. Nc3 Bf5 3. Nf3 e6 4. a3 Nf6 5. e3 c6 6. Nh4 Ne4 7. Nxf5 exf5 8. Qf3
g6 9. Nxe4 fxe4 10. Qe2 Nd7 11. c4 Nf6 12. c5 Be7 13. f4 exf3 14. gxf3 Nh5 15.
Bd2 Bh4+ 16. Kd1 f5 17. Bh3 O-O 18. Rg1 Ng7 19. Kc2 Qf6 20. Rg2 Rae8 21. Qd3
Ne6 22. f4 Ng7 23. Rf1 Qe6 24. Re2 Re7 25. Bg2 Ne8 26. Rg1 Nf6 27. Bf3 Ne4 28.
Bxe4 dxe4 29. Qb3 Kf7 30. Reg2 Rd8 31. a4 Qxb3+ 32. Kxb3 b6 33. Kc4 Rd5 34. b4
Ke6 35. Rb1 Rb7 36. Rb3 Be7 37. Be1 a6 38. Ra2 bxc5 39. bxc5 Rxb3 40. Kxb3 Rd7
41. Kc3 Rb7 42. Rb2 Rxb2 43. Kxb2 Kd5 44. Kb3 g5 45. Bg3 h5 46. fxg5 Bxg5 47.
Bf2 f4 48. Kc3 fxe3 49. Be1 Bd8 50. Kb4 Kxd4 51. Bg3 Kd3 52. Be1 Ke2 53. Bc3
Kd1 54. Kc4 e2 55. Bb4 a5 56. Bc3 e1=Q 57. Bxe1 Kxe1 58. Kd4 Be7 59. Kxe4 Bxc5
60. Kd3 Kf2 0-1

[Event "European Senior Teams Chess Championship"]
[Site "Rogaska Slatina"]
[Date "2012.03.31"]
[Round "5.23"]
[White "Patola, Eero"]
[Black "Strand, Oyvin"]
[Result "1/2-1/2"]
[WhiteElo "1930"]
[BlackElo "1988"]
[PlyCount "51"]
[EventDate "2012.03.27"]
[WhiteTeam "FIN - HELSINKI"]
[BlackTeam "NOR 3"]

1. e4 g6 2. c4 Bg7 3. Nc3 e5 4. g3 Ne7 5. Bg2 O-O 6. Nge2 c5 7. O-O d6 8. d3
Be6 9. h3 Qd7 10. Kh2 Nbc6 11. Rb1 a6 12. a3 Nd4 13. Nxd4 cxd4 14. Ne2 b5 15.
b3 Rab8 16. Bd2 f5 17. exf5 Bxf5 18. Bb4 Nc6 19. g4 Be6 20. Qd2 Nxb4 21. axb4
d5 22. c5 Qc6 23. Ng3 Rbe8 24. Rbe1 Qc7 25. Ra1 Qc6 26. Rae1 1/2-1/2

[Event "European Senior Teams Chess Championship"]
[Site "Rogaska Slatina"]
[Date "2012.03.31"]
[Round "5.23"]
[White "Theting, Helge E"]
[Black "Laitinen, Martti"]
[Result "1-0"]
[WhiteElo "1980"]
[BlackElo "1808"]
[PlyCount "101"]
[EventDate "2012.03.27"]
[WhiteTeam "NOR 3"]
[BlackTeam "FIN - HELSINKI"]

1. Nf3 Nf6 2. g3 g6 3. Bg2 Bg7 4. O-O O-O 5. d3 d6 6. e4 Nbd7 7. Nc3 c6 8. d4
e5 9. dxe5 dxe5 10. Qe2 Re8 11. Rd1 Qc7 12. Qc4 Nb6 13. Qc5 Bf8 14. Qe3 Ng4 15.
Qe2 Be6 16. h3 Bc4 17. Qe1 Nf6 18. b3 Ba6 19. Bb2 Nbd7 20. a3 Nc5 21. b4 Ncd7
22. Na2 Bc4 23. Nd2 Nb6 24. Nc3 Rad8 25. Nxc4 Nxc4 26. Bc1 Rxd1 27. Qxd1 a5 28.
b5 Qb6 29. Qe2 Qd4 30. Qe1 cxb5 31. Bg5 Qb6 32. Nxb5 Qxb5 33. Bxf6 Nxa3 34. Qc3
Bb4 35. Qc7 Qc5 36. Qxb7 Nxc2 37. Rd1 Nd4 38. Qd7 Qc8 39. Qxc8 Rxc8 40. Bxe5
Ne2+ 41. Kf1 Bc3 42. Bd6 Nd4 43. Be5 Nb5 44. Rc1 Rc5 45. Bf6 Bb4 46. Rd1 Rc8
47. e5 Nc3 48. Rd7 Bf8 49. Bb7 Rb8 50. e6 fxe6 51. Bxc3 1-0

[Event "European Senior Teams Chess Championship"]
[Site "Rogaska Slatina"]
[Date "2012.03.31"]
[Round "5.23"]
[White "Kverndal, Leif"]
[Black "Pitkanen, Juhani"]
[Result "1/2-1/2"]
[WhiteElo "1914"]
[BlackElo "1715"]
[PlyCount "31"]
[EventDate "2012.03.27"]
[WhiteTeam "NOR 3"]
[BlackTeam "FIN - HELSINKI"]

1. d4 Nf6 2. Nf3 e6 3. g3 b6 4. Bg2 Bb7 5. O-O c5 6. Nc3 cxd4 7. Nxd4 Bxg2 8.
Kxg2 d5 9. Kg1 Be7 10. Qd3 O-O 11. Bf4 a6 12. Bxb8 Qxb8 13. Nc6 Qc7 14. Nxe7+
Qxe7 15. Rad1 Rfd8 16. Qf3 1/2-1/2

[Event "European Senior Teams Chess Championship"]
[Site "Rogaska Slatina"]
[Date "2012.04.01"]
[Round "6.1"]
[White "Faibisovich, Vadim Z"]
[Black "Ivanovic, Bozidar"]
[Result "1/2-1/2"]
[WhiteElo "2377"]
[BlackElo "2412"]
[PlyCount "52"]
[EventDate "2012.03.27"]
[WhiteTeam "RUS - ST. PETERSBURG"]
[BlackTeam "MNE"]

1. e4 c6 2. d4 g6 3. Nf3 Bg7 4. Nc3 d5 5. h3 Nh6 6. Bd3 f6 7. O-O Nf7 8. Qe2
O-O 9. Rd1 e6 10. b3 Nd7 11. Bb2 f5 12. e5 Re8 13. Nb1 a6 14. a4 c5 15. c3 cxd4
16. cxd4 Nb8 17. Bc3 Nc6 18. Qb2 Bf8 19. Na3 Bd7 20. b4 a5 21. b5 Nb4 22. Be2
Rc8 23. Bd2 b6 24. Rac1 Qe7 25. Rxc8 Rxc8 26. Rc1 Rxc1+ 1/2-1/2

[Event "European Senior Teams Chess Championship"]
[Site "Rogaska Slatina"]
[Date "2012.04.01"]
[Round "6.1"]
[White "Zivkovic, Ljubo"]
[Black "Monin, Nikolay"]
[Result "1-0"]
[WhiteElo "2279"]
[BlackElo "2332"]
[PlyCount "109"]
[EventDate "2012.03.27"]
[WhiteTeam "MNE"]
[BlackTeam "RUS - ST. PETERSBURG"]

1. c4 g6 2. Nc3 Bg7 3. g3 d6 4. Bg2 e5 5. e3 f5 6. d3 Nf6 7. Nge2 O-O 8. O-O c6
9. Rb1 Be6 10. b4 d5 11. d4 e4 12. c5 a6 13. Bd2 g5 14. a4 Bf7 15. b5 axb5 16.
axb5 Bh5 17. Qb3 Nbd7 18. Ra1 Bf3 19. Rxa8 Qxa8 20. Qb2 Qe8 21. Ra1 Bxg2 22.
Kxg2 Qh5 23. h3 Bh6 24. Ra7 Rb8 25. Qa2 f4 26. exf4 gxf4 27. Nxf4 Qf3+ 28. Kg1
Bxf4 29. Bxf4 Re8 30. Be3 Qh5 31. Kg2 cxb5 32. Rxb7 Nf8 33. Rxb5 Ng6 34. c6 Kh8
35. Nxd5 Rg8 36. Qb3 Qf3+ 37. Kf1 Nxd5 38. Rxd5 Ne7 39. Re5 Qh1+ 40. Ke2 Qxh3
41. d5 Qg4+ 42. Ke1 h5 43. c7 h4 44. gxh4 Nc8 45. Re6 Rg6 46. Rxg6 Qxg6 47.
Qc3+ Kh7 48. Qc6 Qg1+ 49. Kd2 Qg7 50. Qc3 Qd7 51. Qc6 Qg7 52. Qc3 Qd7 53. Qc4
Qg4 54. h5 Qf5 55. h6 1-0

[Event "European Senior Teams Chess Championship"]
[Site "Rogaska Slatina"]
[Date "2012.04.01"]
[Round "6.2"]
[White "Sloth, Jorn"]
[Black "Vasiukov, Evgeni"]
[Result "0-1"]
[WhiteElo "2351"]
[BlackElo "2455"]
[PlyCount "88"]
[EventDate "2012.03.27"]
[WhiteTeam "DEN 1"]
[BlackTeam "RUS 1"]

1. Nf3 Nf6 2. c4 c5 3. g3 Nc6 4. Bg2 e5 5. Nc3 Be7 6. a3 O-O 7. O-O d6 8. Ne1
Bg4 9. Nc2 Qd7 10. b4 Bh3 11. b5 Bxg2 12. Kxg2 Nd4 13. Ne3 Bd8 14. Bb2 h5 15.
f3 a6 16. a4 Nh7 17. Ne4 f5 18. Nf2 Nf6 19. Nc2 Ne6 20. Ne3 f4 21. Nd5 Nxd5 22.
cxd5 Nc7 23. bxa6 bxa6 24. e4 fxe3 25. dxe3 Qf7 26. e4 Bg5 27. Ra3 Rab8 28. Ba1
Qg6 29. Qc2 Kh7 30. Rd3 Rf7 31. Rb1 Rxb1 32. Qxb1 c4 33. Rd1 Qf6 34. f4 Bxf4
35. gxf4 Qxf4 36. Qc2 Qf3+ 37. Kg1 Rf6 38. Nh1 Rg6+ 39. Ng3 h4 40. Rf1 Qe3+ 41.
Kg2 Ne8 42. Qf2 Qxe4+ 43. Qf3 Qxf3+ 44. Rxf3 Nf6 0-1

[Event "European Senior Teams Chess Championship"]
[Site "Rogaska Slatina"]
[Date "2012.04.01"]
[Round "6.2"]
[White "Rosenlund, Thorbjorn"]
[Black "Pushkov, Nikolai"]
[Result "0-1"]
[WhiteElo "2286"]
[BlackElo "2390"]
[PlyCount "92"]
[EventDate "2012.03.27"]
[WhiteTeam "DEN 1"]
[BlackTeam "RUS 1"]

1. Nf3 Nf6 2. d4 e6 3. e3 b6 4. Bd3 Bb7 5. Nbd2 c5 6. b3 Nc6 7. Bb2 Be7 8. O-O
O-O 9. c4 cxd4 10. exd4 d5 11. Rc1 Rc8 12. Qe2 Re8 13. Rfd1 Bd6 14. Ne5 Re7 15.
Qe3 Rec7 16. Qh3 g6 17. Ndf3 Nh5 18. Qg4 f5 19. Qg5 Qxg5 20. Nxg5 Nf4 21. Bf1
Nxe5 22. dxe5 Be7 23. Nf3 dxc4 24. Rxc4 Nh3+ 25. gxh3 Bxf3 26. Rdc1 Rxc4 27.
Bxc4 Bd5 28. Bxd5 Rxc1+ 29. Bxc1 exd5 30. f4 Kf7 31. Kf2 Ke6 32. Ke2 h6 33. Bb2
g5 34. Kf3 gxf4 35. Kxf4 Bg5+ 36. Kf3 Bd2 37. Bd4 f4 38. a4 Be3 39. Bxe3 fxe3
40. Kxe3 Kxe5 41. b4 a6 42. b5 axb5 43. axb5 d4+ 44. Kd3 Kd5 45. h4 h5 46. Kd2
Ke4 0-1

[Event "European Senior Teams Chess Championship"]
[Site "Rogaska Slatina"]
[Date "2012.04.01"]
[Round "6.3"]
[White "Vucenovic, Dragomir"]
[Black "Hecht, Hans-Joachim"]
[Result "1/2-1/2"]
[WhiteElo "2260"]
[BlackElo "2383"]
[PlyCount "51"]
[EventDate "2012.03.27"]
[WhiteTeam "SUI"]
[BlackTeam "GER 1"]

1. d4 e6 2. Nf3 d5 3. g3 b5 4. Bg2 Nf6 5. O-O c5 6. c3 Bb7 7. Bg5 Nbd7 8. Nbd2
Bd6 9. Re1 h6 10. Bxf6 Nxf6 11. Ne5 O-O 12. e3 Qc7 13. f4 Rac8 14. Rc1 a5 15.
a3 Rfd8 16. Bf1 Qb6 17. Bd3 b4 18. axb4 axb4 19. Bb1 bxc3 20. bxc3 cxd4 21.
cxd4 Ba3 22. Rxc8 Rxc8 23. Bd3 Rc1 24. Qe2 Rxe1+ 25. Qxe1 Qb2 26. Nf1 1/2-1/2

[Event "European Senior Teams Chess Championship"]
[Site "Rogaska Slatina"]
[Date "2012.04.01"]
[Round "6.3"]
[White "Klundt, Klaus"]
[Black "Bhend, Edwin"]
[Result "1/2-1/2"]
[WhiteElo "2378"]
[BlackElo "2241"]
[PlyCount "36"]
[EventDate "2012.03.27"]
[WhiteTeam "GER 1"]
[BlackTeam "SUI"]

1. e4 c5 2. Nf3 Nc6 3. d4 cxd4 4. Nxd4 e5 5. Nb5 d6 6. N1c3 a6 7. Na3 b5 8. Nd5
Be7 9. c4 b4 10. Nc2 Rb8 11. g3 Nf6 12. Bg2 O-O 13. O-O Nd7 14. Nce3 Nc5 15. f4
exf4 16. gxf4 Re8 17. Nxe7+ Nxe7 18. b3 Nc6 1/2-1/2

[Event "European Senior Teams Chess Championship"]
[Site "Rogaska Slatina"]
[Date "2012.04.01"]
[Round "6.3"]
[White "Hohler, Peter"]
[Black "Haakert, Juergen"]
[Result "1/2-1/2"]
[WhiteElo "2197"]
[BlackElo "2394"]
[PlyCount "34"]
[EventDate "2012.03.27"]
[WhiteTeam "SUI"]
[BlackTeam "GER 1"]

1. Nf3 Nf6 2. d4 g6 3. g3 Bg7 4. Bg2 O-O 5. O-O d6 6. Nc3 Na6 7. e4 c5 8. h3
Bd7 9. Re1 cxd4 10. Nxd4 Nc7 11. Be3 e5 12. Nb3 Be6 13. Qd2 Qd7 14. Kh2 a5 15.
Rad1 a4 16. Nc1 Rfd8 17. Nd3 Nb5 1/2-1/2

[Event "European Senior Teams Chess Championship"]
[Site "Rogaska Slatina"]
[Date "2012.04.01"]
[Round "6.5"]
[White "James, Geoffrey H"]
[Black "Wahlbom, Magnus"]
[Result "1/2-1/2"]
[WhiteElo "2215"]
[BlackElo "2291"]
[PlyCount "50"]
[EventDate "2012.03.27"]
[WhiteTeam "ENG 1"]
[BlackTeam "SWE 1"]

1. c4 Nf6 2. g3 g6 3. Bg2 Bg7 4. Nc3 O-O 5. Nf3 d6 6. O-O Nc6 7. d3 Rb8 8. Rb1
Nh5 9. Bd2 a5 10. a3 f5 11. b4 axb4 12. axb4 e6 13. e3 h6 14. b5 Ne7 15. Qb3
Kh7 16. Ne2 Nf6 17. Ne1 g5 18. f4 Qe8 19. h3 Qg6 20. Kh2 Rg8 21. Nc2 Bf8 22.
Qc3 Bg7 23. Qb4 b6 24. Qa3 Bb7 25. Bxb7 Rxb7 1/2-1/2

[Event "European Senior Teams Chess Championship"]
[Site "Rogaska Slatina"]
[Date "2012.04.01"]
[Round "6.5"]
[White "Petersson, Gosta"]
[Black "Norman, Kenneth I"]
[Result "1/2-1/2"]
[WhiteElo "2163"]
[BlackElo "2175"]
[PlyCount "76"]
[EventDate "2012.03.27"]
[WhiteTeam "SWE 1"]
[BlackTeam "ENG 1"]

1. c4 c5 2. Nc3 Nc6 3. g3 g6 4. Bg2 Bg7 5. e3 d6 6. Nge2 e5 7. a3 Nge7 8. Rb1
a5 9. Nd5 O-O 10. O-O Rb8 11. Nec3 Be6 12. d3 h6 13. Bd2 Kh7 14. f4 f5 15. Qe2
Bg8 16. h3 b6 17. Kh2 Nxd5 18. Nxd5 Ne7 19. Nxe7 Qxe7 20. b4 exf4 21. gxf4 axb4
22. axb4 Kh8 23. Bf3 g5 24. Qg2 gxf4 25. exf4 Bd4 26. b5 Bf7 27. Rbc1 Qf6 28.
Bd5 Rg8 29. Qf3 Bxd5 30. cxd5 Ra8 31. Be3 Ra2+ 32. Rf2 Rxf2+ 33. Qxf2 Bxe3 34.
Qxe3 Qf7 35. Qf3 Qg7 36. Qf2 Qf7 37. Qf3 Rc8 38. Qg2 Rg8 1/2-1/2

[Event "European Senior Teams Chess Championship"]
[Site "Rogaska Slatina"]
[Date "2012.04.01"]
[Round "6.5"]
[White "Yeo, Michael J"]
[Black "Nordstrom, Felix"]
[Result "1-0"]
[WhiteElo "2135"]
[BlackElo "2160"]
[PlyCount "111"]
[EventDate "2012.03.27"]
[WhiteTeam "ENG 1"]
[BlackTeam "SWE 1"]

1. e4 e5 2. Nf3 Nc6 3. Bc4 Bc5 4. c3 Nf6 5. d3 d6 6. b4 Bb6 7. a4 a5 8. b5 Ne7
9. O-O O-O 10. Nbd2 Ng6 11. Bb3 Re8 12. Nc4 Bc5 13. Re1 h6 14. Bd2 Be6 15. d4
Bxc4 16. Bxc4 Bb6 17. Qc2 Nd7 18. Rad1 Qf6 19. Be3 Nh4 20. Nxh4 Qxh4 21. f3 Qe7
22. Qf2 Kh8 23. Bd3 Qe6 24. f4 exf4 25. Qxf4 Qb3 26. c4 Kg8 27. Qg4 Re6 28. Qe2
Nf6 29. Rb1 Qc3 30. Rec1 Bxd4 31. Rxc3 Bxc3 32. Rc1 Bb4 33. Bd4 Rae8 34. Bxf6
Rxf6 35. Rf1 Rfe6 36. g3 b6 37. Kg2 R8e7 38. Qh5 Bc3 39. Qf5 g6 40. Qd5 Bb4 41.
Qa8+ Kg7 42. Qc8 Bc5 43. Bc2 Re5 44. Rd1 h5 45. Kh3 Bb4 46. Rd5 R5e6 47. Qd8
Ba3 48. g4 hxg4+ 49. Kxg4 Bb4 50. h4 Re5 51. Rxe5 dxe5 52. h5 gxh5+ 53. Kxh5
Bc5 54. Bd1 Bd6 55. Bg4 Bc5 56. Qd2 1-0

[Event "European Senior Teams Chess Championship"]
[Site "Rogaska Slatina"]
[Date "2012.04.01"]
[Round "6.6"]
[White "Gundersen, Helge"]
[Black "Westerinen, Heikki M J"]
[Result "1/2-1/2"]
[WhiteElo "2223"]
[BlackElo "2325"]
[PlyCount "62"]
[EventDate "2012.03.27"]
[WhiteTeam "NOR 1"]
[BlackTeam "FIN 1"]

1. b3 e5 2. Bb2 Nc6 3. e3 Nf6 4. c4 d6 5. Nc3 g6 6. Nge2 Bg7 7. Nd5 O-O 8. Nec3
Nxd5 9. Nxd5 Be6 10. h4 Ne7 11. Nxe7+ Qxe7 12. h5 f5 13. hxg6 hxg6 14. Qc2 a6
15. O-O-O b5 16. g4 bxc4 17. Bxc4 d5 18. gxf5 Rxf5 19. e4 dxe4 20. Qxe4 Raf8
21. Rdg1 Qf7 22. Qh4 Rh5 23. Qxh5 gxh5 24. Bxe5 Bxc4 25. Rxg7+ Qxg7 26. Bxg7
Kxg7 27. bxc4 Kh6 28. Rh2 Rf3 29. Kc2 Ra3 30. Kb2 Rd3 31. Kc2 Ra3 1/2-1/2

[Event "European Senior Teams Chess Championship"]
[Site "Rogaska Slatina"]
[Date "2012.04.01"]
[Round "6.6"]
[White "Harestad, Thor Geir"]
[Black "Hurme, Harri"]
[Result "1/2-1/2"]
[WhiteElo "2175"]
[BlackElo "2184"]
[PlyCount "115"]
[EventDate "2012.03.27"]
[WhiteTeam "NOR 1"]
[BlackTeam "FIN 1"]

1. d4 d5 2. Nf3 e6 3. c4 Nf6 4. Nc3 Be7 5. Bg5 O-O 6. e3 h6 7. Bh4 Ne4 8. Bxe7
Qxe7 9. Bd3 Nxc3 10. bxc3 Nd7 11. O-O c6 12. e4 b6 13. Re1 Qa3 14. Qb3 Qxb3 15.
axb3 Bb7 16. b4 dxc4 17. Bxc4 Rfc8 18. Ba6 Rc7 19. c4 Rd8 20. c5 bxc5 21. bxc5
Bxa6 22. Rxa6 e5 23. Nxe5 Nxe5 24. dxe5 Rd2 25. g3 Rc2 26. Ra5 Re7 27. Re3 Rxe5
28. Rxa7 Rcxc5 29. Rd3 Rxe4 30. Rd8+ Kh7 31. Rxf7 h5 32. Rdd7 Rg4 33. Rc7 Kh6
34. h3 Rg6 35. h4 Rc2 36. Rc8 Rf6 37. Rxf6+ gxf6 38. Rh8+ Kg6 39. Rg8+ Kf7 40.
Rh8 Rc5 41. Kg2 Rf5 42. f4 Ke6 43. Kf3 Ra5 44. Ke3 Ra3+ 45. Ke4 Rxg3 46. Rxh5
Ra3 47. Rh8 f5+ 48. Kd4 Ra4+ 49. Ke3 Kd5 50. Rd8+ Kc5 51. Rf8 Ra3+ 52. Ke2 Kd4
53. Rxf5 Rh3 54. Rf8 Rxh4 55. Rd8+ Ke4 56. Re8+ Kxf4 57. Kd3 Kf5 58. Rc8
1/2-1/2